00782cam a2200241 a 450000100090000000300040000900500170001300800410003001000170007102000300008804000180011805000250013608200170016110000510017824500630022925000150029226000560030730000320036350000290039550000200042465000150044485600810045915389165OSt20230507132306.0080730s2007 caua 001 0 eng  a 2008274070 a9781403144171 (hardcover) aDLCcDLCdDLC00aBP605.S2bH7954 200700a299/.9362221 aHubbard, L. Ronq(La Fayette Ron),d1911-1986.10aDianetics :bthe evolution of a science /cL. Ron Hubbard. a[Rev. ed.] aLos Angeles, Calif. :bBridge Publications,cc2007. av, 213 p. :bill. ;c25 cm. a"A Hubbard publication." aIncludes index. 0aDianetics.413Table of contents onlyuhttp://www.loc.gov/catdir/toc/fy0904/2008274070.html